| 000 | 00000nam##2200000za#4500 |
| 001 | 9.529780 |
| 003 | CaOODSP |
| 005 | 20241203113633 |
| 007 | ta |
| 008 | 150406|1997||||xxc||||| f|0| 0 eng|d |
| 020 | |a0-662-63250-8|z0-662-25922-X |
| 040 | |aCaOODSP|beng |
| 041 | |aeng |
| 041 | |afre |
| 043 | |an-cn--- |
| 086 | 1 |aEn56-119/2-1997-1 |
| 110 | 1 |aCanada. |bEnvironment Canada. |
| 245 | 10|aOntario summary |
| 260 | |aOttawa - Ontario : |bEnvironment Canada |c1997. |
| 300 | |aEnglish text, 12p. : |bfigs., map ; |c28 cm. |
| 490 | 1 |aCanada country study |
| 546 | |aBilingual |
| 563 | |aSoftcover |
| 590 | |a98-01|b1998-01-02 |
| 690 | 07|aClimate|2gcpds |
| 776 | 0#|tOntario region executive summary|w(CaOODSP)9.574599 |
| 776 | 0#|tSommaire exécutif région de l'Ontario|w(CaOODSP)9.604337 |
| 792 | |tSommaire de l'Ontario|efre|w(CaOODSP)9.529781 |
| 830 | #0|aCanada country study.|w(CaOODSP)9.509288 |